A share of the harvest : kinship, property, and social history among the Malays of Rembau /

Bibliographic Details
Main Author: Peletz, Michael G.
Format: Book
Language:English
Published: Berkeley : University of California Press, [1988]
Subjects:

MARC

Tag First Indicator Second Indicator Subfields
LEADER 00000cam a2200000 a 4500
001 in00000768521
005 20151017052923.0
008 880121s1988 cauaf b s00110 eng
010 |a  88002466  
020 |a 0520061535 (alk. paper) 
035 |a (OCoLC)17509971 
035 |9 ADL2354AM 
040 |a DLC  |c DLC  |d TXA  |d UtOrBLW 
043 |a a-my--- 
049 |a TXAM  |c [A11878714] 
050 0 0 |a GN635.M4  |b P45 1988 
082 0 |a 306/.089992/05951  |2 19 
100 1 |a Peletz, Michael G. 
245 1 2 |a A share of the harvest :  |b kinship, property, and social history among the Malays of Rembau /  |c Michael Gates Peletz. 
264 1 |a Berkeley :  |b University of California Press,  |c [1988] 
264 4 |c ©1988 
300 |a xxv, 383 pages, 9 unnumbered pages of plates :  |b illustrations ;  |c 24 cm. 
336 |a text  |b txt  |2 rdacontent 
337 |a unmediated  |b n  |2 rdamedia 
338 |a volume  |b nc  |2 rdacarrier 
500 |a Revision of the author's thesis (Ph. D.)--University of Michigan, 1983. 
504 |a Bibliography: pages 363-374. 
500 |a Includes index. 
650 0 |a Malays (Asian people)  |x Kinship. 
650 0 |a Malays (Asian people)  |x Land tenure. 
650 0 |a Clans  |z Malaysia  |z Rembau (Negeri Sembilan) 
650 0 |a Inheritance and succession (Adat law)  |z Malaysia  |z Rembau (Negeri Sembilan) 
651 0 |a Rembau (Negeri Sembilan)  |x Economic conditions. 
651 0 |a Rembau (Negeri Sembilan)  |x Social conditions. 
999 |a MARS 
999 f f |s ac0bd155-56a8-388e-be19-b9d76e305668  |i 5a10debb-f58a-39ba-9239-b767b9484342  |t 0 
952 f f |p ric  |a Texas A&M University  |b Rellis Campus  |c Joint Library Facility  |d Remote Storage  |t 0  |e GN635.M4 P45 1988  |h Library of Congress classification  |i unmediated -- volume  |m A14811878714 
998 f f |a GN635.M4 P45 1988  |t 0  |l Remote Storage